|
|
|
|
| LEADER |
00000nab a2200000ua 4500 |
| 001 |
vtls010754711 |
| 003 |
SK-MaSNL |
| 005 |
20260304200122.0 |
| 008 |
250718s2002 xo |||||||||||||||||slo| |
| 035 |
|
|
|a (urnnbn)urn:nbn:sk:snk:ar-a01ozn
|
| 035 |
|
|
|a (uuid)e8cdaccb-80e4-44e6-95a3-ac7459f1eec9
|
| 035 |
|
|
|a urn:nbn:sk:snk-ab4fze
|
| 040 |
|
|
|a SNKBUCL
|b slo
|c SNKBUCL
|e AACR2
|
| 041 |
0 |
|
|a slo
|
| 044 |
|
|
|a xo
|c SK
|
| 100 |
1 |
|
|a Poklemba, Pavol
|4 aut
|9 267276
|
| 245 |
1 |
0 |
|a Príjmový dlhopisový otvorený podielový fond
|b Dlhopisové fondy patria medzi konzervatívne formy investovania
|c Pavol Poklemba
|
| 773 |
0 |
|
|t Investor : časopis pre úspešné a bezpečné investovanie
|g Roč. 3, č. 2 (2002), s. 11
|
| 850 |
|
|
|a Slovenská národná knižnica
|
| 852 |
|
|
|a Slovenská národná knižnica
|
| 954 |
|
|
|a odborná, vedecká literatúra pôvodná (slovenská)
|2 lita
|
| 958 |
|
|
|a article3
|
| 958 |
|
|
|a OND
|
| 958 |
|
|
|a EUIPO
|
| 999 |
|
|
|c 3085474
|d 3087404
|